[Event "Irwin/Haring/Denker/Barber/Rockefeller Championships 2021"]
[Site "Crowne Plaza Cherry Hill, United States"]
[Date "????.??.??"]
[Round "3.7"]
[White "Cavanah, Troy"]
[Black "Chasin, Nico Werner"]
[Result "1/2-1/2"]
[TimeControl "G/90;+30"]
[BlackTitle "FM"]
[WhiteElo "2168"]
[BlackElo "2411"]

1. e4 {[%clk 01:30:30]} Nc6 {[%clk 01:27:30]} 2. Nf3 {[%clk 01:29:44]} d5
{[%clk 01:23:49]} 3. exd5 {[%clk 01:28:04]} Qxd5 {[%clk 01:24:06]} 4. Nc3
{[%clk 01:28:06]} Qa5 {[%clk 01:20:38]} 5. Bb5 {[%clk 01:22:11]} Bg4 {[%clk
01:16:33]} 6. h3 {[%clk 01:17:18]} Bh5 {[%clk 01:09:33]} {[%emt 00:02:02]} 7.
g4 {[%clk 01:10:58]} {[%emt 00:06:09]} Bg6 {[%clk 01:09:50]} 8. Ne5 {[%clk
01:06:04]} {[%emt 00:06:00]} O-O-O {[%clk 01:08:08]} {[%emt 00:01:42]} 9. Nc4
{[%clk 00:50:24]} {[%emt 00:16:34]} Qb4 {[%clk 01:05:47]} {[%emt 00:02:13]} 10.
d3 {[%clk 00:48:30]} {[%emt 00:02:43]} Qc5 {[%clk 01:02:47]} {[%emt 00:03:11]}
11. a3 {[%clk 00:45:15]} {[%emt 00:04:13]} a6 {[%clk 01:02:30]} {[%emt
00:00:44]} 12. b4 {[%clk 00:40:07]} {[%emt 00:05:22]} Qd4 {[%clk 01:02:22]}
{[%emt 00:00:24]} 13. Bxc6 {[%clk 00:39:23]} {[%emt 00:01:30]} Qxc3+ {[%clk
01:02:45]} 14. Bd2 {[%clk 00:39:47]} {[%emt 00:00:06]} Qf6 {[%clk 01:03:06]}
{[%emt 00:00:12]} 15. Bg2 {[%clk 00:38:59]} {[%emt 00:01:11]} e5 {[%clk
00:57:59]} {[%emt 00:05:40]} 16. g5 {[%clk 00:36:27]} {[%emt 00:03:01]} Qe6
{[%clk 00:55:30]} {[%emt 00:03:00]} 17. O-O {[%clk 00:35:50]} {[%emt 00:01:31]}
Ne7 {[%clk 00:42:11]} {[%emt 00:13:28]} 18. Re1 {[%clk 00:34:19]} {[%emt
00:01:57]} f6 {[%clk 00:40:58]} {[%emt 00:02:18]} 19. f4 {[%clk 00:28:03]}
{[%emt 00:06:08]} Nc6 {[%clk 00:32:48]} {[%emt 00:08:39]} 20. fxe5 {[%clk
00:25:48]} {[%emt 00:02:45]} fxe5 {[%clk 00:29:03]} {[%emt 00:04:46]} 21. Bxc6
{[%clk 00:24:27]} {[%emt 00:01:22]} bxc6 {[%clk 00:28:14]} {[%emt 00:01:17]} 22.
Nxe5 {[%clk 00:22:12]} {[%emt 00:02:45]} Qxh3 {[%clk 00:25:10]} {[%emt
00:03:48]} 23. Qf3 {[%clk 00:20:21]} {[%emt 00:02:10]} Qxf3 {[%clk 00:25:10]}
{[%emt 00:00:30]} 24. Nxf3 {[%clk 00:20:45]} {[%emt 00:00:09]} c5 {[%clk
00:25:35]} 25. Ne5 {[%clk 00:19:30]} {[%emt 00:01:46]} Be8 {[%clk 00:25:58]}
{[%emt 00:00:39]} 26. Rab1 {[%clk 00:17:10]} {[%emt 00:02:31]} h6 {[%clk
00:23:40]} {[%emt 00:02:56]} 27. g6 {[%clk 00:15:00]} {[%emt 00:02:37]} Rd6
{[%clk 00:23:03]} {[%emt 00:00:50]} 28. bxc5 {[%clk 00:15:07]} {[%emt
00:00:22]} Rd5 {[%clk 00:23:11]} {[%emt 00:00:23]} 29. c6 {[%clk 00:10:48]}
{[%emt 00:04:46]} Bc5+ {[%clk 00:22:36]} {[%emt 00:01:10]} 30. Kg2 {[%clk
00:10:39]} {[%emt 00:00:39]} Rf8 {[%clk 00:22:59]} {[%emt 00:00:54]} 31. c4
{[%clk 00:08:40]} {[%emt 00:01:54]} Rxe5 {[%clk 00:20:15]} {[%emt 00:03:31]} 32.
Rxe5 {[%clk 00:08:50]} {[%emt 00:00:12]} Bxc6+ {[%clk 00:20:40]} 33. Kh3 {[%clk
00:08:02]} {[%emt 00:01:14]} Bd6 {[%clk 00:20:43]} {[%emt 00:00:11]} 34. Bc3
{[%clk 00:05:20]} {[%emt 00:03:13]} Rf3+ {[%clk 00:20:35]} {[%emt 00:00:49]} 35.
Kg4 {[%clk 00:05:24]} {[%emt 00:00:55]} Rxd3 {[%clk 00:15:50]} {[%emt
00:04:31]} 36. c5 {[%clk 00:05:41]} {[%emt 00:00:23]} Bxe5 {[%clk 00:14:33]}
{[%emt 00:01:46]} 37. Bxe5 {[%clk 00:06:07]} Be4 {[%clk 00:14:56]} {[%emt
00:00:10]} 38. Kf4 {[%clk 00:04:38]} {[%emt 00:02:06]} Bxg6 {[%clk 00:09:30]}
{[%emt 00:05:40]} 39. Rg1 {[%clk 00:05:03]} {[%emt 00:00:21]} Be8 {[%clk
00:09:05]} {[%emt 00:00:39]} 40. Rxg7 {[%clk 00:05:14]} {[%emt 00:00:35]} Rd7
{[%clk 00:08:37]} {[%emt 00:00:57]} 41. Rg8 {[%clk 00:05:03]} {[%emt 00:00:26]}
Rf7+ {[%clk 00:04:01]} {[%emt 00:05:34]} 42. Ke4 {[%clk 00:05:10]} Kd7 {[%emt
00:01:52]} 1/2-1/2

[Event "Irwin/Haring/Denker/Barber/Rockefeller Championships 2021"]
[Site "Crowne Plaza Cherry Hill, United States"]
[Date "????.??.??"]
[Round "3.8"]
[White "Bian, Erin"]
[Black "Deng, Henry"]
[Result "0-1"]
[TimeControl "G/90;+30"]
[WhiteElo "1765"]
[BlackElo "1993"]

1. e4 {[%clk 01:30:57]} {[%emt 00:17:24]} e5 {[%clk 01:30:51]} 2. Nf3 {[%clk
01:31:15]} {[%emt 00:00:07]} Nc6 {[%clk 01:31:13]} 3. Bb5 {[%clk 01:31:34]} a6
{[%clk 01:31:38]} 4. Ba4 {[%clk 01:31:52]} Nf6 {[%clk 01:32:02]} 5. O-O {[%clk
01:32:03]} Be7 {[%clk 01:32:20]} 6. Re1 {[%clk 01:32:22]} {[%emt 00:03:40]} b5
{[%clk 01:32:43]} 7. Bb3 {[%clk 01:32:42]} d6 {[%clk 01:33:08]} 8. c3 {[%clk
01:32:46]} O-O {[%clk 01:33:16]} 9. h3 {[%clk 01:33:03]} Nb8 {[%clk 01:33:40]}
10. d4 {[%clk 01:33:13]} Nbd7 {[%clk 01:33:47]} 11. Nbd2 {[%clk 01:33:14]} Bb7
{[%clk 01:34:08]} 12. Bc2 {[%clk 01:33:05]} Re8 {[%clk 01:34:18]} 13. Nf1
{[%clk 01:32:51]} Bf8 {[%clk 01:34:41]} 14. Ng3 {[%clk 01:33:03]} g6 {[%clk
01:35:00]} {[%emt 00:01:04]} 15. Bg5 {[%clk 01:32:56]} h6 {[%clk 01:35:14]} 16.
Bd2 {[%clk 01:32:40]} Bg7 {[%clk 01:35:37]} 17. a4 {[%clk 01:31:30]} Nb6 {[%clk
01:35:38]} 18. Qc1 {[%clk 01:30:36]} Kh7 {[%clk 01:35:52]} 19. b3 {[%clk
01:30:02]} bxa4 {[%clk 01:34:50]} 20. bxa4 {[%clk 01:30:24]} a5 {[%clk
01:33:22]} 21. Bd3 {[%clk 01:25:10]} Bc6 {[%clk 01:30:13]} 22. Bb5 {[%clk
01:15:03]} Bxb5 {[%clk 01:28:08]} 23. axb5 {[%clk 01:15:24]} Nc4 {[%clk
01:27:36]} 24. Ra4 {[%clk 01:10:03]} d5 {[%clk 01:18:10]} {[%emt 00:05:50]} 25.
dxe5 {[%clk 01:04:22]} {[%emt 00:06:20]} Nxe5 {[%clk 01:16:07]} {[%emt
00:02:17]} 26. Nxe5 {[%clk 01:03:17]} {[%emt 00:01:50]} Rxe5 {[%clk 01:16:35]}
27. f4 {[%clk 01:02:02]} {[%emt 00:01:06]} Re8 {[%clk 01:13:04]} {[%emt
00:04:02]} 28. e5 {[%clk 01:01:34]} {[%emt 00:01:42]} Nd7 {[%clk 01:11:34]}
{[%emt 00:01:24]} 29. Qa3 {[%clk 00:56:52]} {[%emt 00:05:05]} Qb8 {[%clk
01:08:00]} {[%emt 00:04:47]} 30. Be3 {[%clk 00:42:27]} {[%emt 00:14:15]} Qxb5
{[%clk 01:07:18]} {[%emt 00:01:24]} 31. Ra1 {[%clk 00:41:54]} {[%emt 00:01:23]}
Nb6 {[%clk 01:05:04]} {[%emt 00:02:30]} 32. Bxb6 {[%clk 00:40:12]} {[%emt
00:02:12]} cxb6 {[%clk 01:01:02]} {[%emt 00:08:22]} 33. h4 {[%clk 00:37:15]} h5
{[%clk 01:00:00]} {[%emt 00:01:27]} 34. Rd1 {[%clk 00:31:10]} {[%emt 00:06:13]}
Rac8 {[%clk 00:58:54]} {[%emt 00:01:21]} 35. Kh2 {[%clk 00:27:45]} {[%emt
00:04:26]} Red8 {[%clk 00:54:34]} {[%emt 00:04:27]} 36. Rad4 {[%clk 00:26:01]}
{[%emt 00:02:14]} Bf8 {[%clk 00:46:20]} {[%emt 00:09:01]} 37. Qa2 {[%clk
00:25:14]} {[%emt 00:01:00]} Rxc3 {[%clk 00:46:28]} {[%emt 00:00:47]} 38. Rxd5
{[%clk 00:25:12]} Rxd5 {[%clk 00:46:48]} {[%emt 00:00:19]} 39. Rxd5 {[%clk
00:24:34]} {[%emt 00:01:10]} Qb3 {[%clk 00:45:17]} {[%emt 00:01:47]} 40. Qxb3
{[%clk 00:24:07]} {[%emt 00:00:56]} Rxb3 {[%clk 00:45:43]} {[%emt 00:00:33]} 41.
Ne4 {[%clk 00:21:34]} {[%emt 00:02:38]} Kg7 {[%clk 00:38:56]} {[%emt 00:07:33]}
42. Rd7 {[%clk 00:16:50]} {[%emt 00:04:56]} Rb4 {[%clk 00:37:04]} {[%emt
00:02:33]} 43. Ng5 {[%clk 00:17:05]} {[%emt 00:00:06]} Kg8 {[%clk 00:34:34]}
{[%emt 00:03:00]} 44. g3 {[%clk 00:13:01]} {[%emt 00:04:32]} a4 {[%clk
00:30:51]} {[%emt 00:04:12]} 45. Nxf7 {[%clk 00:11:59]} {[%emt 00:01:32]} a3
{[%clk 00:29:37]} {[%emt 00:01:47]} 46. e6 {[%clk 00:08:32]} {[%emt 00:04:12]}
Ra4 {[%clk 00:28:11]} {[%emt 00:01:39]} 47. Ng5 {[%clk 00:02:53]} {[%emt
00:06:22]} a2 {[%clk 00:27:57]} {[%emt 00:00:30]} 48. Nh7 {[%clk 00:02:59]}
{[%emt 00:00:43]} a1=Q {[%clk 00:28:14]} 49. Nf6+ {[%clk 00:02:59]} {[%emt
00:00:46]} Qxf6 {[%clk 00:28:38]} 50. e7 {[%clk 00:03:19]} {[%emt 00:00:10]}
Ra2+ {[%clk 00:29:04]} 51. Kh3 {[%clk 00:03:42]} Qf5+ {[%clk 00:29:29]} 52. g4
{[%clk 00:04:06]} {[%emt 00:00:20]} Qxg4# 0-1